| 000 | 00426nam a2200181Ia 4500 | ||
|---|---|---|---|
| 008 | 230725s xx 000 0 und d | ||
| 041 | _aeng | ||
| 082 |
_a615.321 _bWAL |
||
| 100 | _aWALLI T.E. | ||
| 245 | _aTEXT BOOK OF PHARMACOGNOSY` | ||
| 260 | _bC.B.S. PUBLISHERS & DISTRUTORS | ||
| 300 | _a652 | ||
| 365 | _h17 | ||
| 500 | _aTEXT BOOK | ||
| 501 | _aPGY | ||
| 520 | _aPB | ||
| 650 | _aPHARMACOGNOSY & PHYTHOCHEMISTRY | ||
| 999 |
_c767480 _d767480 |
||